[Event "ACP Cup 2013"]
[Site "Riga LAT"]
[Date "2013.09.13"]
[Round "1.2"]
[White "Jakovenko,D"]
[Black "Svidler,P"]
[Result "0-1"]
[WhiteElo "2724"]
[BlackElo "2746"]

1.Nf3 g6 2.e4 d6 3.d4 Nf6 4.Nc3 Bg7 5.Be2 O-O 6.O-O c6 7.a4 Qc7 8.Be3 Nbd7
9.Nd2 e5 10.Nc4 exd4 11.Bxd4 Rd8 12.Qd2 Nc5 13.Qe3 b6 14.a5 Be6 15.b4 Bxc4
16.bxc5 b5 17.cxd6 Qxd6 18.Rad1 Ng4 19.Qh3 Bxd4 20.Bxc4 Nxf2 21.Bxf7+ Kg7  0-1

[Event "29th ECC Open 2013"]
[Site "Rhodes GRE"]
[Date "2013.10.20"]
[Round "1.1"]
[White "Stefansson,H"]
[Black "Jakovenko,D"]
[Result "1/2-1/2"]
[WhiteElo "2521"]
[BlackElo "2719"]

1.d4 Nf6 2.c4 g6 3.Nf3 Bg7 4.g3 O-O 5.Bg2 d6 6.O-O Nc6 7.Nc3 a6 8.e3 e5 9.h3 Rb8
10.b3 b5 11.dxe5 Nd7 12.cxb5 axb5 13.Nd4 Nxd4 14.exd4 dxe5 15.Be3 Bb7 16.Rc1 exd4
17.Bxd4 Ne5 18.Re1 Qxd4 19.Qxd4 Nf3+ 20.Bxf3 Bxd4 21.Bxb7 Rxb7 22.Red1 Bxc3
23.Rxc3 f5 24.a4 bxa4 25.bxa4 Ra7 26.a5 Rxa5 27.Rxc7 Rf7 28.Rxf7 Kxf7 29.Rd7+ Kg8
30.Rd8+ Kg7 31.Rd7+ Kg8 32.Rd8+ Kg7 33.Rd7+ Kg8  1/2-1/2

[Event "29th ECC Open 2013"]
[Site "Rhodes GRE"]
[Date "2013.10.23"]
[Round "4.2"]
[White "Jakovenko,D"]
[Black "Svidler,P"]
[Result "1/2-1/2"]
[WhiteElo "2719"]
[BlackElo "2740"]

1.Nf3 Nf6 2.c4 c5 3.Nc3 d5 4.cxd5 Nxd5 5.e4 Nb4 6.Bc4 Nd3+ 7.Ke2 Nf4+ 8.Kf1 Ne6
9.d3 Nc6 10.h4 h5 11.Ng5 g6 12.Nxe6 Bxe6 13.Bxe6 fxe6 14.Ne2 Qd6 15.Bf4 e5
16.Bg5 Bh6 17.Bxh6 Rxh6 18.Rh3 O-O-O 19.Rc1 b6 20.a3 Kb7 21.Qd2 Rhh8 22.Rf3 Rhf8
23.Rxf8 Rxf8 24.Qe3 Rd8 25.Rd1 c4 26.Nc1 Nd4 27.Qd2 Ne6 28.Qc3 Qc5 29.g3 g5
30.hxg5 Nxg5 31.Ke2 h4 32.Qb4 Qc7 33.gxh4 Ne6 34.Qxc4 Nf4+ 35.Ke1 Ng2+ 36.Ke2 Nf4+
37.Ke1 Nxd3+ 38.Qxd3 Rxd3 39.Nxd3 Qc6 40.f3 Qf6 41.Ke2 Qxh4 42.Nf2 Kc7  1/2-1/2

[Event "29th ECC Open 2013"]
[Site "Rhodes GRE"]
[Date "2013.10.25"]
[Round "6.4"]
[White "Jobava,Ba"]
[Black "Jakovenko,D"]
[Result "1-0"]
[WhiteElo "2694"]
[BlackElo "2719"]

1.b3 e5 2.Bb2 Nc6 3.e3 Nf6 4.Bb5 Bd6 5.Na3 Be7 6.Nc4 d6 7.Bxc6+ bxc6 8.Ne2 O-O
9.O-O c5 10.d4 exd4 11.exd4 Ba6 12.Na5 Qd7 13.Re1 Qb5 14.Nc4 Rae8 15.Ne3 Ne4
16.c4 Qd7 17.dxc5 Nxc5 18.Ng3 Bd8 19.h3 Bb7 20.Ngf5 f6 21.b4 Na4 22.Bd4 Nb6
23.c5 Nd5 24.Qg4 Kh8 25.cxd6 cxd6 26.Nxd5 Bxd5 27.Ne3 Be6 28.Qf3 Bb6 29.Bxb6 axb6
30.a4 Ra8 31.Qe4 f5 32.Qf4 Bg8 33.b5 Bb3 34.Ra3 Qf7 35.Rb1 Be6 36.Rd1 d5
37.Rc3 Qa7 38.Qe5 Rf6 39.Rd4 Raf8 40.Rc6 f4 41.Rc7 Qb8 42.Rxf4 Qxc7 43.Qxc7 Rxf4
44.Qxb6 Bg8 45.a5 d4 46.Ng4 R4f5 47.a6 Rd5 48.a7 d3 49.Ne3 d2 50.Kh2 d1=Q
51.Nxd1 Rxd1 52.Qc7 Rdd8 53.b6 Ra8 54.Qd6 Rfe8 55.Qc5  1-0

[Event "29th ECC Open 2013"]
[Site "Rhodes GRE"]
[Date "2013.10.26"]
[Round "7.5"]
[White "Jakovenko,D"]
[Black "Sutovsky,E"]
[Result "1-0"]
[WhiteElo "2719"]
[BlackElo "2657"]

1.Nf3 Nf6 2.c4 c5 3.Nc3 d5 4.cxd5 Nxd5 5.g3 g6 6.Bg2 Bg7 7.Ng5 e6 8.Nge4 Na6
9.d3 O-O 10.Qb3 b6 11.Bg5 Qd7 12.Nf6+ Bxf6 13.Bxf6 Bb7 14.Ne4 Rae8 15.h4 e5
16.h5 Re6 17.Bh3 g5 18.Bxe6 Qxe6 19.Bxg5 f5 20.Nc3 c4 21.Qxc4 Rc8 22.Qh4 Nxc3
23.bxc3 Bxh1 24.Qxh1 Rxc3 25.Qb7 Nc7 26.Rc1 Rxc1+ 27.Bxc1 Ne8 28.Qxa7 Qc6
29.Bb2 Nd6 30.Qb8+ Kf7 31.Qh8 Qh1+ 32.Kd2 Qd5 33.Qxh7+ Ke8 34.Qc7 e4 35.h6 exd3
36.exd3  1-0

[Event "Russian Cup Final 2013"]
[Site "Khanty-Mansiysk RUS"]
[Date "2013.12.13"]
[Round "1.2"]
[White "Pridorozhni,A"]
[Black "Jakovenko,D"]
[Result "0-1"]
[WhiteElo "2517"]
[BlackElo "2721"]

1.e4 e5 2.Nf3 Nc6 3.Bc4 Bc5 4.b4 Bxb4 5.c3 Ba5 6.d4 d6 7.Qb3 Qd7 8.O-O Bb6
9.Bb5 a6 10.Bxc6 Qxc6 11.Be3 Nf6 12.d5 Qb5 13.Qxb5+ axb5 14.Bxb6 cxb6 15.Nbd2 Bd7
16.Ne1 Ke7 17.Nd3 Rhc8 18.Rfc1 Ra3 19.Nb1 Ra4 20.f3 b4 21.a3 bxc3 22.Nxc3 Rd4
23.Nb4 Rc5 24.Rc2 Nh5 25.Rac1 Nf4 26.Kf1 f5 27.g3 Nd3 28.Nxd3 Rxd3 29.Ke2 Rd4
30.Rb2 fxe4 31.fxe4 b5 32.Ke3 Rcc4 33.Rbb1 Kd8 34.Ke2 Be8 35.Ke3 Kc7 36.Ke2 Kb6
37.Ke3 Ka6 38.Rb3 Bg6 39.Rf1 Bxe4 40.Nxb5 Bc2 41.Rb2 Rxd5 42.Rc1 Rxb5 43.Rcxc2 Rxc2
44.Rxc2 d5 45.Rc7 Rb3+ 46.Kf2 Rb2+ 47.Ke3 d4+ 48.Kf3 Rb3+ 49.Kg4 e4 50.Rd7 Rd3
51.Rxg7 e3 52.Re7 Rd2 53.Kf3 Rxh2 54.g4 Kb6 55.g5 Kc5 56.a4 Kd6 57.Rxb7 Rf2+
58.Kg3 d3 59.Rb3 Rd2  0-1

[Event "Russian Cup Final 2013"]
[Site "Khanty-Mansiysk RUS"]
[Date "2013.12.14"]
[Round "2.1"]
[White "Ponkratov,P"]
[Black "Jakovenko,D"]
[Result "1/2-1/2"]
[WhiteElo "2603"]
[BlackElo "2721"]

1.d4 Nf6 2.c4 e6 3.g3 c5 4.d5 exd5 5.cxd5 d6 6.Nc3 g6 7.Qd3 Bg7 8.Qe3+ Kf8
9.Nf3 h6 10.Bg2 Kg8 11.Nd2 Nbd7 12.O-O Kh7 13.Qd3 a6 14.a4 Rb8 15.Nc4 Ng4
16.Qd1 Nb6 17.Nd2 Re8 18.h3 Nf6 19.e4 Nbd7 20.Qe2 Qe7 21.Ra3 b5 22.axb5 axb5
23.Nxb5 Nxd5 24.Nxd6 Qxd6 25.Qd3 Ne5 26.Qxd5 Qe7 27.Qa2 Be6 28.b3 Nd3 29.Ra7 Qf6
30.Qc2 Qc3 31.Qxc3 Bxc3 32.Nc4 Rxb3 33.Nd6 Rf8 34.Be3 Be5 35.Nb7 Rc8 36.Na5 Rb5
37.Rd1 c4 38.Bf1 Nb2 39.Rc1 Rb4 40.f4 Bb8 41.Ra6 Ra4 42.f5 gxf5 43.exf5 Bxf5
44.Rxh6+ Kg7 45.Rh5 Rxa5 46.g4 c3 47.gxf5 Ba7 48.Bxa7 Rxa7 49.Rg5+ Kf6 50.Rg3 Ra3
51.h4 Na4 52.h5 Rh8 53.Be2 Nc5  1/2-1/2

[Event "Russian Cup Final 2013"]
[Site "Khanty-Mansiysk RUS"]
[Date "2013.12.15"]
[Round "2.2"]
[White "Jakovenko,D"]
[Black "Ponkratov,P"]
[Result "1-0"]
[WhiteElo "2721"]
[BlackElo "2603"]

1.d4 Nf6 2.c4 e6 3.Nc3 c5 4.d5 exd5 5.cxd5 d6 6.Nf3 g6 7.Nd2 Nbd7 8.e4 Bg7
9.Be2 O-O 10.O-O a6 11.a4 Rb8 12.Ra3 Ne8 13.Re1 Nc7 14.Rb3 Nf6 15.a5 Bd7
16.h3 Nfe8 17.Bf1 Nf6 18.Rb6 Bb5 19.Nxb5 axb5 20.Bxb5 Na8 21.Nc4 Nxb6 22.Nxb6 Nh5
23.g4 Nf6 24.Bf4 Ne8 25.Nc4 Qf6 26.Qd2 Nc7 27.e5 dxe5 28.Bxe5 Qd8 29.Bxc7 Qxc7
30.d6 Qd8 31.d7 Bd4 32.Qf4 Qf6 33.Qxf6 Bxf6 34.Re8 Bd8 35.Kg2 Bc7 36.Kf3 f5
37.gxf5 Rd8 38.Ne3 Kg7 39.Re7+ Kh8 40.Ke4 Ra8 41.Re8 gxf5+ 42.Nxf5 Kg8 43.Kd5 Rxa5
44.Ke6 c4 45.Ke7 Bd8+ 46.Rxd8 Rxd8 47.Bxc4+  1-0

[Event "Russian Cup Final 2013"]
[Site "Khanty-Mansiysk RUS"]
[Date "2013.12.16"]
[Round "3.1"]
[White "Jakovenko,D"]
[Black "Sjugirov,S"]
[Result "1/2-1/2"]
[WhiteElo "2721"]
[BlackElo "2641"]

1.c4 Nf6 2.Nf3 e6 3.g3 d5 4.Bg2 dxc4 5.Qa4+ c6 6.Qxc4 b5 7.Qb3 Bb7 8.O-O Nbd7
9.d4 a6 10.Ne5 Nxe5 11.dxe5 Nd5 12.Nc3 Be7 13.Nxd5 cxd5 14.Be3 O-O 15.Bd4 Qd7
16.f4 Rac8 17.Qe3 Rc4 18.b3 Rc2 19.g4 Qc7 20.f5 Bc5 21.Rad1 Bxd4 22.Rxd4 Qc3
23.Qxc3 Rxc3 24.e4 dxe4 25.Bxe4 Bxe4 26.Rxe4 Rd8 27.Rf2 h6 28.Kg2 Rd5 29.Rfe2 Rdd3
30.Rf4 Re3 31.Re4 Rxe4 32.Rxe4 Rc2+ 33.Kg3 Rxa2 34.Rd4 Kf8 35.Rd8+ Ke7 36.Rg8 Ra3
37.Rxg7 Rxb3+ 38.Kf4 Rb4+ 39.Kf3 Rb3+ 40.Kf4 Rb4+ 41.Kf3 Rb3+  1/2-1/2

[Event "Russian Cup Final 2013"]
[Site "Khanty-Mansiysk RUS"]
[Date "2013.12.17"]
[Round "3.3"]
[White "Jakovenko,D"]
[Black "Sjugirov,S"]
[Result "1-0"]
[WhiteElo "2721"]
[BlackElo "2641"]

1.d4 Nf6 2.c4 e6 3.Nc3 Bb4 4.Qc2 O-O 5.Nf3 c5 6.dxc5 Na6 7.c6 bxc6 8.e3 Nc5
9.Bd2 d5 10.Be2 Ba6 11.O-O Rc8 12.a3 Bxc3 13.Bxc3 Nce4 14.Bxf6 Qxf6 15.Rac1 Nd6
16.b3 Rfd8 17.Rfd1 g6 18.Bf1 Kg7 19.h3 h6 20.Be2 Kg8 21.Qd2 Ne4 22.Qa5 Qb2
23.Nd4 dxc4 24.Rc2  1-0

[Event "Russian Cup Final 2013"]
[Site "Khanty-Mansiysk RUS"]
[Date "2013.12.17"]
[Round "3.2"]
[White "Sjugirov,S"]
[Black "Jakovenko,D"]
[Result "1/2-1/2"]
[WhiteElo "2641"]
[BlackElo "2721"]

1.d4 Nf6 2.c4 e6 3.Nf3 d5 4.Nc3 Nbd7 5.Bg5 Be7 6.e3 h6 7.Bh4 O-O 8.c5 c6
9.Bd3 b6 10.b4 bxc5 11.bxc5 e5 12.dxe5 Ne8 13.Bxe7 Qxe7 14.O-O Nxc5 15.e4 Nc7
16.exd5 Nxd5 17.Nxd5 cxd5 18.Re1 Bg4 19.h3 Bxf3 20.Qxf3 Rad8 21.Rad1 Nxd3
22.Rxd3 Qe6 23.Red1 Qxe5 24.Rxd5 Rxd5 25.Qxd5 Re8 26.g3 Qxd5 27.Rxd5 Re6
28.Ra5 a6 29.Kg2 g6 30.h4 Kg7 31.Kf3 h5 32.Kf4 Re2 33.Kf3 Re6 34.Kf4 Re2
35.Kf3 Re6  1/2-1/2

[Event "Russian Cup Final 2013"]
[Site "Khanty-Mansiysk RUS"]
[Date "2013.12.17"]
[Round "3.4"]
[White "Sjugirov,S"]
[Black "Jakovenko,D"]
[Result "1/2-1/2"]
[WhiteElo "2641"]
[BlackElo "2721"]

1.e4 e5 2.Nf3 Nc6 3.Bb5 Nf6 4.d3 d6 5.O-O Be7 6.h3 O-O 7.c4 a6 8.Ba4 Nd7
9.Nc3 Nc5 10.Bxc6 bxc6 11.d4 exd4 12.Nxd4 Bd7 13.Be3 Bf6 14.Re1 Re8 15.Qc2 Qe7
16.Rad1 g6 17.Bc1 Ne6 18.Nf3 Bg7 19.b3 Qf8 20.Ba3 Rad8 21.e5 c5 22.Nd5 dxe5
23.Nxe5 Nd4 24.Rxd4 Rxe5 25.Rxe5 Bxe5 26.Rd1 Bc6 27.Re1 Qd6 28.Bb2 Bxb2 29.Ne7+ Kf8
30.Qxb2 f6 31.Qc1 Kg7 32.Nxc6 Qxc6 33.Re7+ Kg8 34.Qe1 Qd6 35.Qe3 a5 36.g3 Qc6
37.Qe2 Qd6 38.Kh2 Rf8 39.Re6 Qd4 40.Re4 Qd6 41.h4 f5 42.Re6 Qd4 43.h5 f4
44.hxg6 fxg3+ 45.Kxg3 Qf4+ 46.Kg2 Qg5+ 47.Kf1 hxg6 48.Qe5 Qg4 49.Qd5 Qh3+
50.Ke2 Qg4+ 51.Kf1 Qh3+ 52.Ke2 Qg4+ 53.Kd2 Qf4+ 54.Kd1 Kg7 55.Re7+ Kh6 56.Re2 Qd6
57.Qd2+ g5 58.Kc2 Qxd2+ 59.Kxd2 Kh5 60.Ke1 a4 61.Re5 axb3 62.axb3 Rb8 63.Rxc5 Rxb3
64.Kd2 Kg6 65.Rxc7 g4 66.Rd7 Rf3 67.Ke2 Rc3 68.Rd4 Kf5 69.Kd2 Rf3 70.Ke2 Rc3
71.Kd2 Rf3 72.Ke1 g3 73.fxg3 Rxg3 74.Kd2 Ke5 75.Rd8 Ke6 76.Rd5 Rh3 77.Rd4 Ke5
78.Rd8 Ke6 79.Kc2 Rg3 80.Kd2 Rh3 81.Rd4 Ke5  1/2-1/2

[Event "Russian Cup Final 2013"]
[Site "Khanty-Mansiysk RUS"]
[Date "2013.12.18"]
[Round "4.1"]
[White "Fedoseev,Vl3"]
[Black "Jakovenko,D"]
[Result "1/2-1/2"]
[WhiteElo "2601"]
[BlackElo "2721"]

1.Nf3 d5 2.d4 Nf6 3.c4 c6 4.Nc3 dxc4 5.a4 e6 6.Bg5 Bb4 7.e4 h6 8.Bxf6 Qxf6
9.Bxc4 c5 10.Bb5+ Bd7 11.e5 Qd8 12.dxc5 Bxb5 13.Qxd8+ Kxd8 14.axb5 Bxc5 15.Ke2 Ke7
16.Na4 Nd7 17.Nxc5 Nxc5 18.b4 Nd7 19.Rhc1 Rhc8 20.Rxc8 Rxc8 21.Rxa7 Rc7 22.Kd3 Nb6
23.Nd2 Nd5 24.Nc4 Nxb4+ 25.Kc3 Nd5+ 26.Kd4 f6 27.b6 fxe5+ 28.Kd3 Nb4+ 29.Kc3 Nc6
30.h4 Rd7 31.f3 Kf6 32.Ra8 e4 33.fxe4 Rd1 34.Rf8+ Ke7 35.Rg8 Rc1+ 36.Kb3 Kf7
37.Ra8 Nd4+ 38.Kb4 Nc6+ 39.Kb5 Nd4+ 40.Kc5 Nc6 41.Kb5  1/2-1/2

[Event "Russian Cup Final 2013"]
[Site "Khanty-Mansiysk RUS"]
[Date "2013.12.19"]
[Round "4.2"]
[White "Jakovenko,D"]
[Black "Fedoseev,Vl3"]
[Result "1-0"]
[WhiteElo "2721"]
[BlackElo "2601"]

1.d4 d5 2.c4 dxc4 3.e3 e5 4.Bxc4 exd4 5.exd4 Nf6 6.Nf3 Be7 7.O-O O-O 8.Nc3 Nbd7
9.Re1 Nb6 10.Bb3 c6 11.Bg5 Bg4 12.h3 Bxf3 13.Qxf3 h6 14.Bf4 Bd6 15.Be5 Bxe5
16.dxe5 Nfd7 17.Rad1 Qc7 18.Qe3 Rfd8 19.f4 Nf8 20.Ne4 Nd5 21.Qg3 Ng6 22.Nd6 Ngxf4
23.Bxd5 Nxd5 24.Nf5 g6 25.Nxh6+ Kh7 26.Ng4 Kg7 27.Kh1 Rh8 28.Rd3 Qe7 29.Rf1 Rh5
30.Rdf3 Rf8 31.Qf2 a6 32.a3 Kg8 33.Rf6 Kg7 34.Qd4 Rh4 35.Rd6 Kg8 36.Qf2 Rxg4
37.hxg4 Qxe5 38.Rd7 Qe6 39.Rxb7 Ne3 40.Re1 Nxg4 41.Qh4 Qf5 42.Rb4 Nf2+ 43.Kg1 Nd3
44.Rf1 Qa5 45.Rd4 Ne5 46.Qf6 Qc5 47.Rf4 Nd7 48.Qd6 g5 49.Rf1 Qe5 50.Rd3 Qc5+
51.Qxc5 Nxc5 52.Rc3 Ne4 53.Rxc6 a5 54.Rfc1 Ng3 55.R1c5 Ne4 56.Rc2  1-0

[Event "Russian Rapid Cup Final 2013"]
[Site "Khanty-Mansiysk RUS"]
[Date "2013.12.20"]
[Round "1.1"]
[White "Jakovenko,D"]
[Black "Orshonova,Elena"]
[Result "1-0"]
[WhiteElo "2721"]
[BlackElo "1849"]

1.e4 e5 2.Nf3 Nc6 3.Bb5 a6 4.Ba4 Nf6 5.O-O Be7 6.d3 d6 7.c3 b5 8.Bc2 O-O
9.d4 Re8 10.Nbd2 Bf8 11.Re1 Bg4 12.h3 Bh5 13.d5 Na5 14.b4 Nb7 15.Nf1 Qd7
16.Ng3 Bg6 17.Bg5 Nh5 18.Nxh5 Bxh5 19.Qd3 c5 20.dxc6 Qxc6 21.Bb3 Rac8 22.Rac1 Nd8
23.Bxd8 Rexd8 24.Nh4 Bg6 25.Nxg6 hxg6 26.c4 bxc4 27.Rxc4 Qb6 28.Qd5 Rxc4
29.Bxc4 Rd7 30.a3 Qb7 31.Qxb7 Rxb7 32.Bxa6 Ra7 33.b5 Be7 34.Rc1 Kh7 35.a4 f5
36.Rc8 d5 37.exd5 e4 38.Rc6 Bd8 39.b6 Rxa6 40.b7 Rxc6 41.dxc6 Bc7 42.a5 f4
43.a6 e3 44.fxe3 fxe3 45.Kf1 Bb8 46.c7 Bxc7 47.a7  1-0

[Event "Russian Rapid Cup Final 2013"]
[Site "Khanty-Mansiysk RUS"]
[Date "2013.12.20"]
[Round "1.2"]
[White "Orshonova,Elena"]
[Black "Jakovenko,D"]
[Result "0-1"]
[WhiteElo "1849"]
[BlackElo "2721"]

1.e4 c5 2.Nf3 e6 3.d4 cxd4 4.Nxd4 a6 5.Nc3 d6 6.Be3 b5 7.Be2 Bb7 8.f3 Nf6
9.O-O Nbd7 10.a3 Be7 11.Bd3 O-O 12.Qd2 Qc7 13.Rfd1 Ne5 14.h3 d5 15.exd5 Nxd5
16.Nxd5 Bxd5 17.Kh1 Nxd3 18.Qxd3 Rfd8 19.Qe2 Bf8 20.Bf2 Qf4 21.Qe3 Qxe3 22.Bxe3 Rac8
23.c3 e5 24.Nc2 Bb3 25.Rxd8 Rxd8 26.Nb4 Rd6 27.Bc5 Rd2 28.Nxa6 Rxb2 29.Bxf8 Kxf8
30.Nc5 f6 31.Kh2 Kf7 32.Kg3 Ba4 33.c4 Rc2 34.Nxa4 bxa4 35.Rb1 Rxc4 36.Rb7+ Kg6
37.Ra7 h5 38.h4 Kf5 39.Rxg7 Rc3 40.Rh7 Kg6 41.Ra7 Rxa3 42.Ra6 Ra1 43.Kf2 a3
44.Kg3 a2 45.Ra5 f5 46.Ra6+ Kf7 47.Ra7+ Ke6 48.Ra6+ Kd7 49.Ra7+ Kc6 50.Ra6+ Kb5
51.Ra8 e4 52.fxe4 fxe4 53.Rb8+ Kc4 54.Rc8+ Kd5 55.Rd8+ Ke6 56.Re8+ Kf7 57.Ra8 e3
58.Ra7+ Ke6 59.Ra8 Kd7 60.Ra7+ Kc6 61.Kf3 Rf1+ 62.Kxe3 a1=Q  0-1

[Event "Russian Rapid Cup Final 2013"]
[Site "Khanty-Mansiysk RUS"]
[Date "2013.12.20"]
[Round "2.3"]
[White "Pridorozhni,A"]
[Black "Jakovenko,D"]
[Result "1/2-1/2"]
[WhiteElo "2517"]
[BlackElo "2721"]

1.g4 d5 2.Bg2 e6 3.d3 c5 4.Nc3 Nc6 5.e4 dxe4 6.Nxe4 Nf6 7.g5 Nxe4 8.Bxe4 Be7
9.h4 Qc7 10.Be3 b6 11.Qf3 Bb7 12.Ne2 Ne5 13.Qg2 Bxe4 14.Qxe4 Qc6 15.O-O-O Qxe4
16.dxe4 Ng4 17.Rh3 Rd8 18.Rg1 Nxe3 19.Rxe3 Rd7 20.f4 Kd8 21.a4 Kc7 22.f5 exf5
23.exf5 Bd6 24.c3 Rdd8 25.Rf1 Rhe8 26.Rff3 Rxe3 27.Rxe3 Rd7 28.Kc2 Re7 29.Rxe7+ Bxe7
30.Kd3 Kc6 31.Ke4 Bd6 32.Ng1 Bg3 33.Nf3 Kd6 34.b4 cxb4 35.cxb4 a6 36.Kd4 g6
37.f6 b5 38.a5 Bf2+ 39.Ke4 Bg3 40.Kd4 Bf2+ 41.Ke4 Bg3 42.Ke3 Kd5 43.Kd3 Bd6
44.Kc3 Ke4 45.Nd2+ Kd5 46.Nb3 Be5+ 47.Kd3 Bd6 48.Kc3 Be5+ 49.Kd3 Bd6 50.Kc3  1/2-1/2

[Event "Russian Rapid Cup Final 2013"]
[Site "Khanty-Mansiysk RUS"]
[Date "2013.12.20"]
[Round "2.2"]
[White "Jakovenko,D"]
[Black "Pridorozhni,A"]
[Result "1/2-1/2"]
[WhiteElo "2721"]
[BlackElo "2517"]

1.d4 d6 2.Nf3 Bg4 3.e4 Nd7 4.c4 e5 5.Be2 Ngf6 6.Nc3 Be7 7.O-O c6 8.Be3 O-O
9.Ne1 Bxe2 10.Qxe2 exd4 11.Bxd4 Re8 12.Qc2 Bf8 13.Rd1 Qc7 14.f3 a6 15.Bf2 Rac8
16.Qd2 b5 17.cxb5 axb5 18.Nc2 Ne5 19.Ne3 Qb7 20.b3 Ng6 21.Nf5 b4 22.Na4 d5
23.Bd4 dxe4 24.Bxf6 gxf6 25.fxe4 Rxe4 26.Kh1 c5 27.Nb2 Rce8 28.Ng3 Rd4 29.Qf2 Rf4
30.Qc2 Re5 31.Nc4 Rd5 32.Rde1 h5 33.Rxf4 Nxf4 34.Rf1 Ng6 35.Nf5 h4 36.h3 Qc7
37.Qe4 Qd8 38.Qg4 Rd3 39.Nce3 Rd2 40.Rd1 Qd3 41.Kg1 c4 42.Rxd2 Qxd2 43.Qxc4 Qxa2
44.Qc2 Qa1+ 45.Kf2 Qe5 46.Qc8 Qb2+ 47.Qc2 Qe5 48.Qc8 Qb2+ 49.Qc2  1/2-1/2

[Event "Russian Rapid Cup Final 2013"]
[Site "Khanty-Mansiysk RUS"]
[Date "2013.12.20"]
[Round "2.1"]
[White "Pridorozhni,A"]
[Black "Jakovenko,D"]
[Result "1/2-1/2"]
[WhiteElo "2517"]
[BlackElo "2721"]

1.e4 e5 2.Nf3 Nc6 3.Bb5 a6 4.Ba4 Nf6 5.d3 d6 6.Bxc6+ bxc6 7.Nc3 c5 8.Nd2 g6
9.Nc4 Bg7 10.O-O Nh5 11.a3 Rb8 12.Bd2 O-O 13.b4 cxb4 14.axb4 Rxb4 15.Nd5 Rb5
16.Ba5 Qd7 17.Qd2 Rb7 18.Rab1 f5 19.f3 Nf4 20.Rxb7 Bxb7 21.Nxc7 d5 22.exd5 Bxd5
23.Nxd5 Nxd5 24.Nb6 Nxb6 25.Bxb6 e4 26.fxe4 fxe4 27.Rxf8+ Bxf8 28.Qe3 exd3
29.cxd3 Qd5 30.d4 a5 31.Bc5 Bxc5 32.dxc5 a4 33.Qe8+ Kg7 34.Qxa4 Qxc5+  1/2-1/2

[Event "Russian Rapid Cup Final 2013"]
[Site "Khanty-Mansiysk RUS"]
[Date "2013.12.21"]
[Round "3.1"]
[White "Jakovenko,D"]
[Black "Smirnov,P"]
[Result "1-0"]
[WhiteElo "2721"]
[BlackElo "2641"]

1.e4 c5 2.Nf3 d6 3.d4 cxd4 4.Nxd4 Nf6 5.Nc3 a6 6.Be2 e6 7.O-O Be7 8.f4 O-O
9.Be3 Qc7 10.g4 d5 11.e5 Ne4 12.Nxe4 dxe4 13.Qe1 Nc6 14.Qc3 Bd7 15.Nxc6 Qxc6
16.Qxc6 Bxc6 17.Bb6 Rac8 18.b3 g5 19.f5 Be8 20.f6 Bc5+ 21.Bxc5 Rxc5 22.Kf2 Bc6
23.c4 e3+ 24.Kxe3 Rxe5+ 25.Kf2 Re4 26.Rad1 h6 27.Rd6 e5 28.h3 Rf4+ 29.Ke3 Re4+
30.Kd2 Rf4 31.Ke3 Re4+ 32.Kf2 Rf4+ 33.Kg3 Kh7 34.h4 gxh4+ 35.Kxh4 Rxf1 36.Bxf1 Kg6
37.b4 Re8 38.b5 axb5 39.cxb5 Bh1 40.Kg3 Re6 41.Rxe6 fxe6 42.Bg2 Bxg2 43.Kxg2 Kxf6
44.a4 Ke7 45.a5 Kd6 46.a6 bxa6 47.bxa6 Kc6 48.Kf3 Kb6 49.Ke4 Kxa6 50.Kxe5 Kb5
51.Kxe6 Kc6 52.Kf6 Kd5  1-0

[Event "Russian Rapid Cup Final 2013"]
[Site "Khanty-Mansiysk RUS"]
[Date "2013.12.21"]
[Round "3.2"]
[White "Smirnov,P"]
[Black "Jakovenko,D"]
[Result "0-1"]
[WhiteElo "2641"]
[BlackElo "2721"]

1.d4 d5 2.c4 c6 3.Nc3 Nf6 4.cxd5 cxd5 5.Bf4 Nc6 6.e3 Bf5 7.Qb3 Na5 8.Qa4+ Bd7
9.Qc2 Rc8 10.Nf3 e6 11.Bd3 Be7 12.h3 b5 13.a3 Nc4 14.O-O O-O 15.Ne5 Be8 16.Rfc1 h6
17.Qe2 Nd7 18.Nf3 Nf6 19.a4 b4 20.Nb5 Qb6 21.b3 Bxb5 22.axb5 Na3 23.Ne5 Rfe8
24.Bg3 Bd6 25.Nc6 Bf8 26.Bh4 a6 27.Bxf6 gxf6 28.Qg4+ Kh8 29.e4 dxe4 30.Qxe4 f5
31.Qh4 Nxb5 32.Bxb5 Qxb5 33.Ne5 Kg8 34.Qh5 Qb7 35.Rxc8 Rxc8 36.Re1 Bg7 37.Re3 Rc3
38.Re1 Qc7 39.f4 Rc1 40.Qe2 Bxe5 41.fxe5 Qc3 42.Rxc1 Qxc1+ 43.Kh2 Qf4+ 44.g3 Qxd4
45.Qxa6 Qb2+ 46.Kg1 Qxb3  0-1

[Event "Russian Rapid Cup Final 2013"]
[Site "Khanty-Mansiysk RUS"]
[Date "2013.12.21"]
[Round "4.2"]
[White "Jakovenko,D"]
[Black "Kovalenko,I"]
[Result "1-0"]
[WhiteElo "2721"]
[BlackElo "2643"]

1.d4 Nf6 2.c4 e6 3.Nf3 b6 4.g3 Ba6 5.b3 d5 6.cxd5 exd5 7.Bg2 Bb4+ 8.Bd2 Bxd2+
9.Qxd2 Ne4 10.Qc2 O-O 11.O-O Re8 12.Ne5 Nd7 13.Nc6 Qf6 14.Nb4 Bxe2 15.Qxe2 Nxg3
16.fxg3 Rxe2 17.Rxf6 Nxf6 18.Nc3 Rd2 19.Ncxd5 Nxd5 20.Bxd5 Rf8 21.Nc6 g6
22.a4 Kg7 23.Re1 f5 24.Re7+ Kh6 25.Bf3 Rd3 26.Kf2 g5 27.Rxc7 Rxb3 28.Ne5 g4
29.Be2 f4 30.Nxg4+ Kg5 31.h4+ Kf5 32.gxf4 Ke4 33.Re7+ Kxd4 34.Ne5 Rxf4+ 35.Nf3+ Kc5
36.Rxa7 h6 37.Rc7+ Kd6 38.Rh7 Rf6 39.Ra7 Ra3 40.Kg3 Re3 41.Kf2 Ra3 42.Ra8 Kc5
43.Rc8+ Kb4 44.Rc4+ Ka5 45.Bd1 Rd3 46.Rc1 Ra3 47.Rb1 Rf5 48.Kg2 Rc3 49.Kg3 Rd5
50.Be2 Rd6 51.Bd1 Rd5 52.Kf4 Rcc5 53.Ke3 Rd6 54.Ke4 Re6+ 55.Kf4 Rf6+ 56.Kg3 Rg6+
57.Kf2 Rd6 58.Ra1 Rc4 59.Ke3 Rc3+ 60.Ke4 Rc5 61.Bb3 Rc8 62.Ne5 Re8 63.Rd1 Rxd1
64.Bxd1 b5 65.axb5 Kxb5 66.Kf5 Kc5 67.Nf7 Re1 68.Bg4 Rf1+ 69.Kg6 Rf4 70.Nxh6 Kd6
71.h5 Ke7 72.Kg7 Ke8 73.Bf5 Ke7 74.Bg6 Ke6 75.Nf7 Kd5  1-0

[Event "15th ch-EUR Indiv 2014"]
[Site "Yerevan ARM"]
[Date "2014.03.03"]
[Round "1.3"]
[White "Mkrtchian,L"]
[Black "Jakovenko,D"]
[Result "1/2-1/2"]
[WhiteElo "2465"]
[BlackElo "2723"]

1.d4 Nf6 2.c4 e6 3.Nc3 Bb4 4.e3 O-O 5.Bd3 d5 6.Nf3 b6 7.O-O Bb7 8.a3 Bd6
9.cxd5 exd5 10.b4 a6 11.Qb3 Qe7 12.Rb1 Re8 13.a4 Nc6 14.Nxd5 Nxd5 15.Qxd5 Nxb4
16.Qxb7 Nxd3 17.Qc6 Nb4 18.Qc4 a5 19.Bd2 Qd7 20.Ra1 Rac8 21.Rfc1 c5 22.Qb3 h6
23.Be1 Qf5 24.Rc4 Qe6 25.Rac1 Rc7 26.dxc5 bxc5 27.Nd2 Qg6 28.Qb1 Nd3 29.R1c3 Ne5
30.Qxg6 fxg6 31.Re4 Rb8 32.Nc4 Nxc4 33.Rexc4 Rb1 34.Kf1 Kf7 35.Rc2 g5 36.Ke2 Ra7
37.h3 Ke6 38.f3 Kd5 39.e4+ Ke6 40.Bf2 Rb4 41.Be1 Rxc4 42.Rxc4 Kd7 43.Rc2 Kc6
44.Bc3 g6 45.Kd3 h5 46.Rb2 g4 47.hxg4 hxg4 48.fxg4 Re7 49.Re2 Bf4 50.Rf2 c4+
51.Kd4 Be5+ 52.Kxc4 Bxc3 53.Kxc3 Rxe4 54.Rf6+ Kd7  1/2-1/2

[Event "15th ch-EUR Indiv 2014"]
[Site "Yerevan ARM"]
[Date "2014.03.04"]
[Round "2.48"]
[White "Jakovenko,D"]
[Black "Givon,A"]
[Result "1-0"]
[WhiteElo "2723"]
[BlackElo "2449"]

1.e4 c5 2.Nf3 d6 3.d4 cxd4 4.Nxd4 Nf6 5.Nc3 a6 6.Be3 e5 7.Nb3 Be6 8.f3 Be7
9.Qd2 O-O 10.O-O-O Nbd7 11.g4 b5 12.Rg1 Nb6 13.Na5 Qc7 14.g5 Nh5 15.Nd5 Nxd5
16.exd5 Bxd5 17.Qxd5 Qxa5 18.Kb1 Qc7 19.Rg4 g6 20.h4 Rfc8 21.Bd3 Bf8 22.c3 Rab8
23.a3 Bg7 24.Bc2 Rd8 25.Bd3 Kh8 26.Rb4 f5 27.Ka2 Qe7 28.Bc2 Rbc8 29.Bb3 Nf4
30.Bxf4 exf4 31.h5 Rc5 32.Qd2 Qxg5 33.hxg6 Qxg6 34.Rxf4 Qg5 35.Rh1 Bh6 36.Qd4+ Bg7
37.Rfh4  1-0

[Event "15th ch-EUR Indiv 2014"]
[Site "Yerevan ARM"]
[Date "2014.03.05"]
[Round "3.17"]
[White "Pantsulaia,L"]
[Black "Jakovenko,D"]
[Result "0-1"]
[WhiteElo "2606"]
[BlackElo "2723"]

1.Nf3 c5 2.c4 Nf6 3.g3 d5 4.Bg2 Nc6 5.cxd5 Nxd5 6.Nc3 Nc7 7.d3 e5 8.O-O Be7
9.Nd2 O-O 10.Nc4 f6 11.Bxc6 bxc6 12.Qa4 Bd7 13.Qa5 Bh3 14.Re1 Qd7 15.Be3 Ne6
16.Rac1 Rab8 17.b3 Rfe8 18.f3 Bf5 19.Na4 Rb4 20.Bd2 Bd8 21.Qa6 Rb5 22.Nc3 Rb8
23.Ne4 Bg6 24.Be3 Be7 25.Qa5 Bf7 26.Qc3 Nd4 27.Kg2 Bf8 28.g4 Bd5 29.Kf2 Kh8
30.Rg1 h6 31.Nb2 f5 32.gxf5 Qxf5 33.Rg4 Qh5 34.Rh1 Be7 35.Nc4 Rf8 36.h3 Be6
37.Rg3 Bh4 38.Rh2  0-1

[Event "15th ch-EUR Indiv 2014"]
[Site "Yerevan ARM"]
[Date "2014.03.06"]
[Round "4.4"]
[White "Jakovenko,D"]
[Black "Lupulescu,C"]
[Result "1/2-1/2"]
[WhiteElo "2723"]
[BlackElo "2643"]

1.d4 Nf6 2.c4 e6 3.Nc3 d5 4.Bg5 Nbd7 5.e3 c6 6.cxd5 exd5 7.Bd3 Be7 8.Qc2 Nh5
9.Bxe7 Qxe7 10.Nge2 Nb6 11.O-O Nf6 12.Rfe1 O-O 13.Ng3 Be6 14.f3 c5 15.dxc5 Qxc5
16.Nb5 Nc4 17.Nd4 Qb6 18.b3 Ne5 19.Rad1 Rfe8 20.Nge2 Nc6 21.Qd2 Bd7 22.Rc1 Re7
23.Rc3 Rae8 24.Bb1 h5 25.Bf5 Bxf5 26.Nxf5 Re5 27.Nfd4 Nd7 28.Rec1 Nxd4 29.Nxd4 Nf8
30.Rd3 Ne6 31.Nxe6 R5xe6 32.Rcc3 Rc6 33.Rxc6 bxc6 34.Rc3 Re6 35.Qd4 Qa6 36.Rc2 Qa5
37.Kf2 a6 38.h3 Qd8 39.Qf4 Qe7 40.Qb8+ Kh7 41.Qf4 g6 42.b4 Rf6 43.Qd4 Qd6
44.Rc3 Rf5 45.h4 Qc7 46.Ra3 Qb7 47.Ra5 Kg8 48.a3 Kh7 49.Kg1 Kg8 50.Kf2 Kh7
51.Ke2 Qb8 52.Rxa6 c5 53.bxc5 Qb5+ 54.Qd3 Qxc5 55.Ra4 Qc1 56.Kf2 Qb2+ 57.Kg3 Qc1
58.Rd4 Qe1+ 59.Kh2 Re5 60.Rf4 f5 61.Rb4 Qxe3 62.Qa6 Re7 63.Qf6 Qe5+ 64.Qxe5 Rxe5
65.Rb2 d4 66.Kg3 Ra5 67.Ra2 Ra4 68.Kf4 Kg7 69.Rd2 Rxa3 70.Rxd4 Kh6  1/2-1/2

[Event "15th ch-EUR Indiv 2014"]
[Site "Yerevan ARM"]
[Date "2014.03.07"]
[Round "5.4"]
[White "Jakovenko,D"]
[Black "Shimanov,A"]
[Result "1-0"]
[WhiteElo "2723"]
[BlackElo "2649"]

1.d4 d5 2.c4 c6 3.Nf3 Nf6 4.e3 a6 5.Nc3 e6 6.b3 Bb4 7.Bd2 O-O 8.Bd3 Nbd7
9.O-O Qe7 10.Qc2 e5 11.dxe5 Nxe5 12.Nxe5 Qxe5 13.cxd5 cxd5 14.Ne2 Bd6 15.Ng3 Qg5
16.f4 Qh4 17.Rf3 Re8 18.Be1 Qh6 19.Bc3 Ng4 20.Nf1 Bc5 21.Re1 Qb6 22.b4 Bxe3+
23.Nxe3 Nxe3 24.Qf2 d4 25.Bxd4 Qxd4 26.Rfxe3 Rxe3 27.Rxe3 Qd7 28.Qh4 h6 29.f5 b5
30.f6 Bb7 31.Qg3 g6 32.Bxg6 Kh8 33.Bd3 Rg8 34.Qh4 Rxg2+ 35.Kf1  1-0